| 000 | 00890nam a22002417a 4500 | ||
|---|---|---|---|
| 005 | 20150603115049.0 | ||
| 010 | _aENG-112746 | ||
| 020 |
_a9789351500674 _c995.00 |
||
| 035 | _aEN-96278 | ||
| 037 | _bDBAD/PUB | ||
| 082 | _a891.4408 | ||
| 245 |
_aTagore and the feminine / _cedited by Malashri Lal _ba journey in translations / |
||
| 260 |
_aNew Delhi _bSage Publications _c2015 |
||
| 270 |
_aB-1/1-1, Mohan Cooperative Industrial Area, Mathura Road, _bNew Delhi _e110044 |
||
| 300 |
_axxxviii,332p. _c23cm(pbk) |
||
| 500 | _a Includes bibliographical references and index. | ||
| 600 |
_aTagore, Rabindranath, _d1861-1941 _vTranslations into English. |
||
| 650 | _a Feminism in literature. | ||
| 650 | _aGender identity in literature. | ||
| 650 | _aFeminine beauty (Aesthetics) in literature. | ||
| 700 | _aMalashri Lal | ||
| 942 |
_2ddc _cEN _mTAG _h891.4408 |
||
| 999 |
_c93141 _d93141 |
||